📖🕯 150 premiers mots "Les poires d'or" - Statistiques

Statistiques générales
  • Ce quiz a Ă©tĂ© pris 9 fois
  • Le rĂ©sultat moyen est 80 sur 150
Statistiques - réponses
Mots % Correct
Ă 
100%
Ă€
100%
a-
100%
d'
100%
et
100%
et ...
100%
il
100%
l'
100%
La
100%
la
100%
Le
100%
le
100%
t-
100%
un
100%
une
100%
Une
100%
au
86%
de
86%
en
86%
était
86%
les
86%
pas
86%
Petit
86%
qu'
86%
Qu'
86%
que
86%
qui
86%
ce
71%
du
71%
faire
71%
fait
71%
Mais
71%
Ne
71%
on
71%
Quel
71%
ses
71%
tout
71%
tout.
71%
aussi
57%
avec
57%
enfants
57%
étaient
57%
lui
57%
nous
57%
par
57%
pour
57%
sa
57%
si
57%
son
57%
sur
57%
appelait.
43%
appelait
43%
cas
43%
maison,
43%
Non
43%
Non,
43%
parce
43%
tĂŞte
43%
chacun
29%
chapeau.
29%
comment
29%
histoire
29%
minuscule.
29%
premier
29%
soit
29%
taille
29%
trois
29%
voilĂ 
29%
voisin ?
29%
compte,
14%
couronne
14%
deuxième
14%
envi.
14%
extraordinaire
14%
jouait
14%
pieds
14%
pouvoir
14%
prince
14%
princesse
14%
raconte
14%
Roi,
14%
Roi
14%
roi,
14%
roi!
14%
sommes
14%
troisième,
14%
votre
14%
vraiment
14%
appeler
0%
assez
0%
attendait
0%
bâillant
0%
biniou
0%
brave
0%
coin
0%
court
0%
demande
0%
dirait-
0%
fainéant.
0%
feu
0%
honorable,
0%
ivrogne
0%
jardinet,
0%
mariage.
0%
nombreux
0%
particulièrement
0%
pattes,
0%
rigueur.
0%
royaume
0%
"sire".
0%
terre
0%
titres
0%
touchent
0%
vaillant,
0%
Aucun quiz correspondant
Distribution des résultats
% des personnes avec chaque résultat
Percentile par nombre de réponses
Votre historique - résultats
Vous n’avez pas pris ce quiz